000
00305nam a2200121Ia 4500
008
250327s9999 xx 000 0 und d
020
_a
9781526494429
082
_b
SCH
_a
CQR
100
_a
ROBERT M. SCHINDLER
_9
34641
245
0
_a
PRICING STRATEGIES: HARVESTING PRODUCT VALUE
260
_b
SAGE
942
_c
BK
999
_c
7442
_d
7442